| 000 | 00923nam a2200289 i 4500 | ||
|---|---|---|---|
| 003 | EG-GICUC | ||
| 005 | 20260303065918.0 | ||
| 008 | 260303s1920 -uk||||fr|||| 000 0 eng d | ||
| 040 |
_aEG-GiCUC _beng _cEG-GiCUC _dEG-GiCUC _erda |
||
| 041 | 0 | _aeng | |
| 082 | 0 | 4 |
_221 _a341.23 _bNA |
| 092 | 0 | 4 | _221 |
| 099 | _aLaw1 11 341.23 NA 1920 | ||
| 245 | 0 | 4 |
_aThe Nations And The League : _bBy Ten Representative Writers Of Seven Nations / _cWith An Introductory Chapter By Sir George Paish. |
| 264 | 1 |
_aNew York : _bT. Fisher Unwin, _c1920. |
|
| 300 |
_a263 pages, _c24 cm |
||
| 336 |
_2rda content _atext |
||
| 337 |
_2rda media _aComputer |
||
| 338 |
_2rda carrier _aOnline Resource |
||
| 504 | _a | ||
| 546 | _aText in English | ||
| 650 | 1 | 4 | _aPublic international law |
| 700 | 1 |
_aPaish, George _epresenter |
|
| 856 | 4 | 0 | _uhttps://fll.law.cu.edu.eg/fulltext/bks/B11-08336.pdf |
| 905 | _a48 | ||
| 942 |
_2ddc _cBK _e21 _n0 |
||
| 999 |
_c64694 _d64694 |
||